000 00548nam a2200181Ia 4500
008 100920s9999 xx 000 0 und d
082 _b93441
_a580 न 02
100 _aसाळुंखे आ. ह.
245 _aवादाची वादाळे.
260 _bलोकायत, सातारा.
_c2002
300 _a232
_bसाधी
365 _b120
520 _aशाई.
630 _aवादाची वादाळे.
650 _aशाई.
730 _aवादाची वादाळे.
942 _cBOOK
999 _c733884
_d733881